Online
Catalog

Arturo Schomburg, un puertorriqueño descrubre el legado histórico del negro : (Record no. 14432)

MARC details
000 -CABECERA
campo de control de longitud fija 00893nam a2200217 a 4500
001 - NÚMERO DE CONTROL
campo de control 000014852
005 - FECHA Y HORA DE LA ÚLTIMA TRANSACCIÓN
campo de control 20200929163916.0
008 - DATOS DE LONGITUD FIJA--INFORMACIÓN GENERAL
campo de control de longitud fija 100123r19892004pr ac 000 0 spa d
020 ## - NÚMERO INTERNACIONAL ESTÁNDAR DEL LIBRO
Número Internacional Estándar del Libro 0942347897
040 ## - FUENTE DE LA CATALOGACIÓN
Centro catalogador/agencia de origen DO-SdBNP
Lengua de catalogación spa
Centro/agencia transcriptor BNPHU
082 ## - NÚMERO DE LA CLASIFICACIÓN DECIMAL DEWEY
Número de clasificación RP864.44
Número de documento/Ítem P619a
049 ## - FONDOS LOCALES (OCLC)
Fondos de biblioteca BNGR
100 1# - ENTRADA PRINCIPAL--NOMBRE DE PERSONA
Nombre de persona Piñero de Rivera, Flor,
9 (RLIN) 33654
245 10 - MENCIÓN DE TÍTULO
Título Arturo Schomburg, un puertorriqueño descrubre el legado histórico del negro :
Resto del título sus escritos anotados y apéndices /
Mención de responsabilidad, etc. Flor Piñero de Rivera ; prólogo de Ricardo E. Alegría.
260 ## - PUBLICACIÓN, DISTRIBUCIÓN, ETC.
Lugar de publicación, distribución, etc. San Juan, Puerto Rico :
Nombre del editor, distribuidor, etc. Centro de Estudios Avanzados de Puerto Rico y el Caribe,
Fecha de publicación, distribución, etc. 1989.
300 ## - DESCRIPCIÓN FÍSICA
Extensión 305 p. :
Otras características físicas il., retrs. ;
Dimensiones 23 cm.
500 ## - NOTA GENERAL
Nota general La biblioteca posse la 2a reimpresión del 2004
650 #4 - PUNTO DE ACCESO ADICIONAL DE MATERIA--TÉRMINO DE MATERIA
Término de materia o nombre geográfico como elemento de entrada Ensayos puertorriqueños
9 (RLIN) 8892
650 #4 - PUNTO DE ACCESO ADICIONAL DE MATERIA--TÉRMINO DE MATERIA
Término de materia o nombre geográfico como elemento de entrada Literatura puertorriqueña
Subdivisión cronológica SIGLO XX
9 (RLIN) 5311
700 1# - PUNTO DE ACCESO ADICIONAL--NOMBRE DE PERSONA
Nombre de persona Alegría, Ricardo E.,
Término indicativo de función/relación pról.
9 (RLIN) 16236
Holdings
Estado de retiro Estado de pérdida Restricciones de uso No para préstamo Código de colección Localización permanente Ubicación/localización actual Ubicación en estantería Fecha de adquisición Número de inventario Total de préstamos Signatura topográfica completa Código de barras Fecha visto por última vez Precio válido a partir de Tipo de ítem Koha
    Préstamo interno   Monografías: Libros y Folletos General General En catalogación 23.01.2010 LF1   RP864.44 P619a 14852-10 25.06.2020 25.06.2020 Préstamo interno

Powered by Koha